| 000 | 01101nam a2200313 a 4500 | ||
|---|---|---|---|
| 001 | 4475 | ||
| 003 | BD-RjUL | ||
| 005 | 20211208233910.0 | ||
| 008 | 131222s1970 enkb b 001 0 eng | ||
| 020 | _a0043301657 (hbk.) | ||
| 035 | _a(BD-RjUL) | ||
| 040 |
_aDLC _cDLC _dm.c _beng |
||
| 041 | _aeng | ||
| 082 |
_a 330.945 _bALR 1970 |
||
| 100 | 1 |
_aAllen, Kevin, _d1941- _914145 |
|
| 245 | 1 | 0 |
_aRegional problems and policies in Italy and France / _c[by] Kevin Allen and M.C. MacLennan |
| 260 |
_aLondon : _bG. Allen and Unwin, _c1970 |
||
| 300 |
_axvi, 352 p. : _bill. ; _c23 cm |
||
| 490 | 1 |
_aUniversity of Glasgow social and economic studies ; _vnew ser., 19 |
|
| 504 | _aIncludes bibliographical references and index. | ||
| 650 | 0 |
_aEconomic zoning _zItaly. _96572 |
|
| 650 | 0 |
_aEconomic zoning _zFrance. _914146 |
|
| 650 | 0 |
_aRegional planning _zItaly. _914147 |
|
| 650 | 0 |
_aRegional planning _zFrance. _912171 |
|
| 700 | 1 |
_aMacLennan, M. C. _q(Malcolm Cameron) _914149 |
|
| 830 | 0 |
_vnew ser., 19 _9139373 |
|
| 830 | 0 |
_aUniversity of Glasgow social and economic studies ; _9139374 |
|
| 942 |
_2ddc _cBK |
||
| 999 |
_c4475 _d4475 |
||